Τι Χρονιά Ήταν; - Ελληνική Ιστορία - Κλικ Κουίζ - Statistics

General Stats
  • This quiz has been taken 92 times
  • The average score is 15 of 20
Answer Stats
Hint Answer % Correct
Ο Ιωάννης Μεταξάς αρνείται το τελεσίγραφο του Μουσολίνι
1940
98%
Αρχίζει η Ελληνική Επανάσταση
1821
94%
Σιδηροδρομικό δυστύχημα στα Τέμπη 2023
94%
Άλωση της Κωνσταντινούπολης από τους Οθωμανούς 1453
86%
Καταστροφή της Σμύρνης 1922
82%
Εξέγερση του Πολυτεχνείου 1973
82%
Η Ελλάδα εντάσσεται στην Ευρωπαϊκή Ένωση
1981
82%
Έξοδος του Μεσολογγίου 1826
80%
Τουρκική εισβολή στην Κύπρο 1974
80%
Μάχη των Θερμοπυλών
480 π.Χ.
78%
Θάνατος του Μέγα Αλέξανδρου
323 π.Χ.
78%
Αρχίζει ο Πρώτος Βαλκανικός Πόλεμος
1912
74%
Το Μεγάλο Σχίσμα 1054
71%
Η Ελλάδα μπαίνει στον Α' Παγκόσμιο Πόλεμο
1917
63%
Άλωση της Κωνσταντινούπολης από τους Σταυροφόρους 1204
60%
Κίνημα στο Γουδί 1909
60%
Τελειώνει ο Πελοποννησιακός Πόλεμος 404 π.Χ.
58%
Δεύτεροι Θερινοί Ολυμπιακοί Αγώνες στην Αθήνα 2004
54%
Πρώτοι Αρχαίοι Ολυμπιακοί Αγώνες 776 π.Χ.
52%
Πρώτοι σύγχρονοι Ολυμπιακοί Αγώνες στην Αθήνα
1896
48%
No matching quizzes found
Score Distribution
Percent of People with Each Score
Percentile by Number Answered
Your Score History
You have not taken this quiz